Solar magnetic fields (Record no. 11259)

MARC details
000 -LEADER
fixed length control field 00609nam a2200193Ia 4500
003 - CONTROL NUMBER IDENTIFIER
control field IN-BaIIA
008 - FIXED-LENGTH DATA ELEMENTS--GENERAL INFORMATION
fixed length control field 211028s9999 xx 000 0 eng d
020 ## - INTERNATIONAL STANDARD BOOK NUMBER
International Standard Book Number 0-7923-2793-4
040 ## - CATALOGING SOURCE
Transcribing agency IIA Library
080 ## - UNIVERSAL DECIMAL CLASSIFICATION NUMBER
Universal Decimal Classification number 52(082.2)
Item number ASS-189
100 ## - MAIN ENTRY--PERSONAL NAME
Personal name Stenflo, Jan Olof
9 (RLIN) 19303
245 #0 - TITLE STATEMENT
Title Solar magnetic fields
Remainder of title polarised radiation diagnostics
Statement of responsibility, etc. Jan Olof Stenflo
260 ## - PUBLICATION, DISTRIBUTION, ETC.
Place of publication, distribution, etc. Dordrecht
Name of publisher, distributor, etc. Kluwer Academic
Date of publication, distribution, etc. 1994
300 ## - PHYSICAL DESCRIPTION
Extent xv, 385p.
650 ## - SUBJECT ADDED ENTRY--TOPICAL TERM
Topical term or geographic name entry element Astronomy and astrophysics thesaurus
650 ## - SUBJECT ADDED ENTRY--TOPICAL TERM
Topical term or geographic name entry element Magnetic fields
9 (RLIN) 530
650 ## - SUBJECT ADDED ENTRY--TOPICAL TERM
Topical term or geographic name entry element Solar physics
942 ## - ADDED ENTRY ELEMENTS (KOHA)
Koha item type Books
Holdings
Withdrawn status Lost status Damaged status Not for loan Home library Current library Shelving location Date acquired Total Checkouts Full call number Barcode Date last seen Date last checked out Price effective from Koha item type
        IIA Library-Bangalore IIA Library-Bangalore General Stacks 13/03/1995 2 52(082.2)/ ASS-189 12174 20/09/2024 13/09/2024 13/03/1995 Books

Powered by Koha